[Event "Otwarte Mistrzostwa WKSz GANT HETMAN"]
[Site "WKSz GANT HETMAN, ul. Sw. Anto"]
[Date "2011.07.17"]
[Round "6.2"]
[White "Zombirt, Filip"]
[Black "Kanicki, Krzysztof"]
[Result "1-0"]
[WhiteElo "1864"]
[BlackElo "1677"]
[PlyCount "61"]
[EventDate "2011.??.??"]

1. d4 d5 2. Nf3 Nf6 3. c4 c6 4. Nc3 dxc4 5. a4 Bf5 6. Ne5 e6 7. f3 Nbd7 8. e4
Bg6 9. Nxc4 Bb4 10. Qb3 a5 11. Be3 O-O 12. Be2 Qc7 13. O-O h6 14. Rac1 Rad8 15.
Rfd1 Rfe8 16. g3 b6 17. Bf4 Qa7 18. Na2 c5 19. Nd6 c4 20. Bxc4 Bxd6 21. Bxd6 e5
22. Bb5 exd4 23. Rc7 Qa8 24. Rxd4 Nb8 25. Qd1 Re6 26. Ba3 Rxd4 27. Qxd4 Na6 28.
Rc1 Ne8 29. Qd7 Nec7 30. Bxa6 Nxa6 31. Rc8+ 1-0

[Event "Otwarte Mistrzostwa WKSz GANT HETMAN"]
[Site "WKSz GANT HETMAN, ul. Sw. Anto"]
[Date "2011.07.17"]
[Round "6.3"]
[White "Duszenko, Michal"]
[Black "Jankowski, Aleksander"]
[Result "1-0"]
[WhiteElo "1840"]
[BlackElo "1693"]
[PlyCount "49"]
[EventDate "2011.??.??"]

1. e4 e6 2. d4 d5 3. Nd2 Nf6 4. e5 Nfd7 5. Ngf3 c5 6. c3 Nc6 7. Bd3 cxd4 8.
cxd4 Be7 9. O-O g5 10. Nb3 g4 11. Ne1 h5 12. f4 Qb6 13. Be3 a5 14. Nc2 a4 15.
Nd2 f5 16. exf6 Bxf6 17. f5 exf5 18. Bxf5 Bg7 19. Nc4 dxc4 20. d5 Qxb2 21. dxc6
bxc6 22. Rb1 Qc3 23. Bg6+ Kd8 24. Qd6 Ra6 25. Bg5+ 1-0

[Event "Otwarte Mistrzostwa WKSz GANT HETMAN"]
[Site "WKSz GANT HETMAN, ul. Sw. Anto"]
[Date "2011.07.17"]
[Round "6.4"]
[White "Labuda, Michal"]
[Black "Jagiela, Piotr"]
[Result "1-0"]
[WhiteElo "1904"]
[BlackElo "1808"]
[PlyCount "85"]
[EventDate "2011.??.??"]

1. e4 e6 2. d4 d5 3. Nc3 Nf6 4. Bg5 Be7 5. e5 Nfd7 6. Bxe7 Qxe7 7. Qg4 g6 8.
Nf3 Nc6 9. a3 f5 10. Qf4 Nd8 11. h4 Nf7 12. Ng5 h6 13. Nxf7 Qxf7 14. O-O-O c6
15. g4 Nb6 16. gxf5 gxf5 17. Ne2 Bd7 18. Ng3 O-O-O 19. Be2 Be8 20. Rdg1 Qh7 21.
b3 Rg8 22. Kb2 Rd7 23. Bh5 Rd8 24. Be2 Nd7 25. Rg2 Bf7 26. Rhg1 Rdf8 27. Bd3
Qh8 28. Be2 Be8 29. Bh5 b6 30. Bxe8 Rxe8 31. Nh5 Rxg2 32. Rxg2 c5 33. c3 cxd4
34. cxd4 Rg8 35. Rxg8+ Qxg8 36. Qxh6 Qg4 37. Nf4 Qd1 38. Nxe6 Qe2+ 39. Kc3 Qxf2
40. Qc1 Kb7 41. Kb4 a5+ 42. Ka4 Nb8 43. Qc7+ 1-0

[Event "Otwarte Mistrzostwa WKSz GANT HETMAN"]
[Site "WKSz GANT HETMAN, ul. Sw. Anto"]
[Date "2011.07.17"]
[Round "6.5"]
[White "Kozak, Pawel"]
[Black "Palka, Dominika"]
[Result "1/2-1/2"]
[WhiteElo "2019"]
[BlackElo "1786"]
[PlyCount "72"]
[EventDate "2011.??.??"]

1. c4 e5 2. g3 Nf6 3. Bg2 Bc5 4. Nc3 O-O 5. e4 d6 6. Nge2 Nc6 7. O-O Be6 8. Nd5
Bxd5 9. cxd5 Nd4 10. d3 h6 11. h3 c6 12. dxc6 bxc6 13. Kh2 Rb8 14. f4 Nd7 15.
f5 Nxe2 16. Qxe2 Bd4 17. Rb1 a5 18. g4 f6 19. h4 Kf7 20. Qc2 Nc5 21. b3 Qb6 22.
Ba3 Qb5 23. Rfd1 Ke7 24. Qc4 Qxc4 25. dxc4 Na6 26. Rbc1 Rb7 27. Bf1 c5 28. Bd3
Rfb8 29. Bc2 Ra8 30. Rd3 Nb8 31. Rf1 Nc6 32. Rg3 Kf7 33. Kg2 Rab8 34. Bc1 Nb4
35. Bb1 Nc6 36. Bc2 Nb4 1/2-1/2

[Event "Otwarte Mistrzostwa WKSz GANT HETMAN"]
[Site "WKSz GANT HETMAN, ul. Sw. Anto"]
[Date "2011.07.17"]
[Round "7.1"]
[White "Duszenko, Michal"]
[Black "Zombirt, Filip"]
[Result "1/2-1/2"]
[WhiteElo "1840"]
[BlackElo "1864"]
[PlyCount "97"]
[EventDate "2011.??.??"]

1. e4 c5 2. Nf3 Nc6 3. d4 cxd4 4. Nxd4 Nf6 5. Nc3 e5 6. Ndb5 d6 7. Bg5 a6 8.
Na3 b5 9. Nd5 Be7 10. Bxf6 Bxf6 11. c3 O-O 12. Be2 Bg5 13. Nc2 Be6 14. Nce3
Bxe3 15. Nxe3 Ne7 16. a4 bxa4 17. Rxa4 a5 18. O-O d5 19. exd5 Nxd5 20. Nc4 Qg5
21. Bf3 Rad8 22. Qc1 Nf4 23. Kh1 Rd3 24. Ne3 f5 25. Rxa5 Qf6 26. g3 Nh3 27. Be2
Rdd8 28. Ra6 Kh8 29. Bc4 Rfe8 30. Qc2 f4 31. Rxe6 Rxe6 32. Bxe6 Qxe6 33. Ng2
Qd5 34. c4 Qf3 35. c5 Qc6 36. f3 fxg3 37. hxg3 Qh6 38. Nh4 g5 39. Qf5 Qa6 40.
Qxh3 gxh4 41. gxh4 Qc4 42. Rg1 Qxc5 43. Qg3 Qe7 44. Qg5 Qxg5 45. hxg5 Rb8 46.
Rb1 Rb3 47. Kg2 Kg7 48. Kg3 e4 49. Rf1 1/2-1/2

[Event "Otwarte Mistrzostwa WKSz GANT HETMAN"]
[Site "WKSz GANT HETMAN, ul. Sw. Anto"]
[Date "2011.07.17"]
[Round "7.2"]
[White "Somyk, Marcin"]
[Black "Kanicki, Krzysztof"]
[Result "1/2-1/2"]
[WhiteElo "1931"]
[BlackElo "1677"]
[PlyCount "105"]
[EventDate "2011.??.??"]

1. e4 c5 2. Nf3 d6 3. c3 Nf6 4. Bd3 Nc6 5. O-O e6 6. Bc2 Be7 7. Re1 O-O 8. d4
d5 9. e5 Nd7 10. Qd3 f5 11. exf6 Nxf6 12. Bg5 Ne4 13. Bxe7 Qxe7 14. Nbd2 Nf6
15. Ne5 cxd4 16. Nxc6 bxc6 17. cxd4 c5 18. Qc3 cxd4 19. Qxd4 Bd7 20. Nf3 Rac8
21. Bd3 Qc5 22. h3 Qxd4 23. Nxd4 Kf7 24. Nf3 Ke7 25. Rac1 Rxc1 26. Rxc1 Rc8 27.
Re1 Kd6 28. Ne5 Be8 29. g3 g6 30. f4 Nd7 31. Nf3 Nc5 32. Bb1 Na4 33. b3 Nc3 34.
Nd4 Nxb1 35. Rxb1 Rc3 36. Kf2 Bd7 37. Rd1 h6 38. Rd2 g5 39. Nf3 gxf4 40. gxf4
Rc8 41. Ne5 Rf8 42. Kf3 Rg8 43. Rg2 Rxg2 44. Kxg2 Be8 45. Kf3 Kc5 46. Ke3 Kb4
47. Kd4 Ka3 48. Kc5 Kxa2 49. b4 Kb3 50. b5 d4 51. b6 axb6+ 52. Kxd4 b5 53. Nd3
1/2-1/2

[Event "Otwarte Mistrzostwa WKSz GANT HETMAN"]
[Site "WKSz GANT HETMAN, ul. Sw. Anto"]
[Date "2011.07.17"]
[Round "7.3"]
[White "Labuda, Michal"]
[Black "Kowalczyk, Rafal"]
[Result "0-1"]
[WhiteElo "1904"]
[BlackElo "2085"]
[PlyCount "106"]
[EventDate "2011.??.??"]

1. e4 e5 2. Nf3 Nf6 3. Nxe5 d6 4. Nf3 Nxe4 5. Nc3 Nxc3 6. dxc3 Be6 7. Bf4 Nc6
8. Qd2 Qd7 9. O-O-O Be7 10. Bd3 O-O-O 11. h3 h6 12. Bb5 a6 13. Ba4 b5 14. Bb3
Kb7 15. Bxe6 fxe6 16. Ne5 Nxe5 17. Bxe5 Rhf8 18. Bd4 Bg5 19. Be3 Bf6 20. Kb1
Qc6 21. f3 Rfe8 22. Bf2 e5 23. Qd5 Qxd5 24. Rxd5 e4 25. fxe4 Rxe4 26. Kc1 Re2
27. Rf1 Rde8 28. Kd1 R8e7 29. Rd2 R2e4 30. Re1 b4 31. Rxe4 Rxe4 32. Bd4 bxc3
33. bxc3 Rf4 34. Bxf6 Rxf6 35. Kc1 c5 36. Kb2 Kc6 37. c4 Kd7 38. Kb3 Rf4 39.
Re2 h5 40. Re3 g5 41. Rf3 Rxf3+ 42. gxf3 Ke6 43. Ka4 Kf5 44. Ka5 Kf4 45. Kxa6
Kxf3 46. a4 g4 47. hxg4 hxg4 48. a5 g3 49. Kb7 g2 50. a6 g1=Q 51. a7 Qg7+ 52.
Kb8 Qg8+ 53. Kb7 Qxc4 0-1

[Event "Otwarte Mistrzostwa WKSz GANT HETMAN"]
[Site "WKSz GANT HETMAN, ul. Sw. Anto"]
[Date "2011.07.17"]
[Round "7.5"]
[White "Jagiela, Piotr"]
[Black "Jankowski, Aleksander"]
[Result "0-1"]
[WhiteElo "1808"]
[BlackElo "1693"]
[PlyCount "80"]
[EventDate "2011.??.??"]

1. c4 Nf6 2. Nc3 g6 3. g3 Bg7 4. Bg2 O-O 5. d4 c5 6. d5 d6 7. e4 a6 8. Nge2 b5
9. cxb5 Nbd7 10. O-O axb5 11. Nxb5 Ba6 12. Nbc3 Ne5 13. h3 Nd3 14. Nf4 Nxf4 15.
Bxf4 Bxf1 16. Qxf1 Nd7 17. Bd2 Qa5 18. f4 Nb6 19. Qc1 Na4 20. Nd1 Qb6 21. Rb1
Qb7 22. b3 Nb6 23. a4 Rfb8 24. a5 Nc8 25. Bf1 Na7 26. b4 cxb4 27. Rxb4 Qc8 28.
Qxc8+ Nxc8 29. Rc4 Na7 30. Be3 Rb7 31. a6 Rb1 32. Nf2 Nb5 33. Rc1 Rxc1 34. Bxc1
Nc7 35. Be3 Nxa6 36. Nd3 Nc7 37. Nb4 Ra4 38. Bd2 Bd4+ 39. Kh1 Bc5 40. Nc6 Ra1
0-1

[Event "Otwarte Mistrzostwa WKSz GANT HETMAN"]
[Site "WKSz GANT HETMAN, ul. Sw. Anto"]
[Date "2011.07.18"]
[Round "8.1"]
[White "Jankowski, Aleksander"]
[Black "Kowalczyk, Rafal"]
[Result "0-1"]
[WhiteElo "1693"]
[BlackElo "2085"]
[PlyCount "38"]
[EventDate "2011.??.??"]

1. e4 e5 2. Nf3 Nc6 3. Bb5 f5 4. Nc3 fxe4 5. Nxe4 d5 6. Nxe5 dxe4 7. Nxc6 Qg5
8. Nd4+ c6 9. Ba4 Nf6 10. Qe2 Qxg2 11. Qf1 Qg5 12. Bb3 Bd7 13. Ne6 Qe5 14. Qc4
Nd5 15. Nc5 Bxc5 16. Qxc5 b6 17. Qc4 Rf8 18. Qf1 Nf4 19. h4 Nd3+ 0-1

[Event "Otwarte Mistrzostwa WKSz GANT HETMAN"]
[Site "WKSz GANT HETMAN, ul. Sw. Anto"]
[Date "2011.07.18"]
[Round "8.2"]
[White "Somyk, Marcin"]
[Black "Kozak, Pawel"]
[Result "1-0"]
[WhiteElo "1931"]
[BlackElo "2019"]
[PlyCount "91"]
[EventDate "2011.??.??"]

1. e4 c5 2. Nf3 d6 3. d4 cxd4 4. Nxd4 Nf6 5. Nc3 a6 6. Bg5 Nc6 7. Bxf6 gxf6 8.
Qd2 Nxd4 9. Qxd4 Be6 10. Nd5 Rc8 11. Bd3 Rg8 12. g3 Bg7 13. Qa4+ Kf8 14. c4
Bxd5 15. exd5 Qb6 16. O-O Bh6 17. Rfe1 Rg5 18. Qd7 Re8 19. Qh3 Bg7 20. Qxh7 Re5
21. Rxe5 fxe5 22. Rb1 e6 23. h4 exd5 24. cxd5 Qd4 25. Be4 Rc8 26. h5 Qd2 27.
Kg2 Rc1 28. Rxc1 Qxc1 29. Qf5 Ke7 30. Qg4 Bh6 31. Qe2 Qg5 32. Qc2 Qg4 33. Bf5
Qxh5 34. Qc7+ Kf6 35. g4 Qg5 36. Qxd6+ Kg7 37. Qxe5+ Qf6 38. Qxf6+ Kxf6 39. Bc8
Ke5 40. Bxb7 a5 41. Kf3 Bc1 42. b3 f6 43. Ke2 Ba3 44. Kd3 Kd6 45. Kd4 Ke7 46.
f4 1-0

[Event "Otwarte Mistrzostwa WKSz GANT HETMAN"]
[Site "WKSz GANT HETMAN, ul. Sw. Anto"]
[Date "2011.07.18"]
[Round "8.3"]
[White "Palka, Dominika"]
[Black "Zombirt, Filip"]
[Result "1-0"]
[WhiteElo "1786"]
[BlackElo "1864"]
[PlyCount "51"]
[EventDate "2011.??.??"]

1. f4 g6 2. Nf3 Bg7 3. g3 d5 4. Bg2 c5 5. O-O Nc6 6. d3 Nf6 7. c3 O-O 8. Qe1 b6
9. e4 dxe4 10. dxe4 Ba6 11. Rf2 Qc7 12. Na3 Rad8 13. e5 Ng4 14. Rd2 e6 15. Ng5
Ne7 16. h3 Nh6 17. g4 Rd7 18. Ne4 Rfd8 19. Rxd7 Qxd7 20. Nf6+ Bxf6 21. exf6 Qd1
22. Be3 Qxe1+ 23. Rxe1 Nd5 24. Bxd5 exd5 25. f5 Re8 26. Kf2 1-0

[Event "Otwarte Mistrzostwa WKSz GANT HETMAN"]
[Site "WKSz GANT HETMAN, ul. Sw. Anto"]
[Date "2011.07.18"]
[Round "8.4"]
[White "Kanicki, Krzysztof"]
[Black "Duszenko, Michal"]
[Result "0-1"]
[WhiteElo "1677"]
[BlackElo "1840"]
[PlyCount "156"]
[EventDate "2011.??.??"]

1. e4 e5 2. Nf3 Nc6 3. d4 exd4 4. Nxd4 Nf6 5. Nc3 Bb4 6. Nxc6 bxc6 7. Bd3 d5 8.
exd5 cxd5 9. O-O O-O 10. Bg5 c6 11. a3 Be7 12. h3 Be6 13. Qf3 Nd7 14. Bxe7 Qxe7
15. Rfe1 Qc5 16. Ne2 Nf6 17. Ng3 Qd6 18. Nf5 Bxf5 19. Qxf5 Rfe8 20. g3 Re6 21.
Qg5 Rae8 22. Qd2 c5 23. Bf1 Ne4 24. Qd3 Qe5 25. c3 Qf5 26. Re2 c4 27. Qc2 Qh5
28. Rae1 Ng5 29. Rxe6 fxe6 30. Bg2 Nxh3+ 31. Bxh3 Qxh3 32. Qe2 Qf5 33. Qe5 Qxe5
34. Rxe5 Kf7 35. f4 g6 36. Kf2 Rb8 37. Re2 Kf6 38. Kf3 h6 39. Rh2 Rh8 40. Kg4
e5 41. Rd2 Ke6 42. Re2 e4 43. Rd2 Rf8 44. Rh2 h5+ 45. Kg5 Kf7 46. Rd2 Rd8 47.
f5 gxf5 48. Kxf5 a5 49. Rd4 e3 50. Rd1 e2 51. Re1 Re8 52. Kf4 Kf6 53. Kf3 Kf5
54. Rxe2 Rxe2 55. Kxe2 Ke4 56. a4 d4 57. cxd4 Kxd4 58. Kd2 Ke4 59. Kc3 Kd5 60.
Kc2 Kc6 61. Kd2 Kd6 62. Kc3 Kc5 63. Kd2 Kb4 64. Kc2 Kxa4 65. Kc3 Kb5 66. b3
cxb3 67. Kxb3 a4+ 68. Ka3 Ka5 69. Ka2 Kb4 70. Kb2 a3+ 71. Ka2 Ka4 72. Ka1 Kb3
73. Kb1 a2+ 74. Ka1 Ka3 75. g4 h4 76. g5 h3 77. g6 h2 78. g7 h1=R# 0-1

[Event "Otwarte Mistrzostwa WKSz GANT HETMAN"]
[Site "WKSz GANT HETMAN, ul. Sw. Anto"]
[Date "2011.07.19"]
[Round "9.1"]
[White "Palka, Dominika"]
[Black "Duszenko, Michal"]
[Result "1/2-1/2"]
[WhiteElo "1786"]
[BlackElo "1840"]
[PlyCount "28"]
[EventDate "2011.??.??"]

1. e4 e5 2. Nf3 Nc6 3. Bb5 a6 4. Ba4 Nf6 5. O-O Be7 6. Re1 b5 7. Bb3 d6 8. h3
O-O 9. c3 Bb7 10. d4 Re8 11. Ng5 Rf8 12. Nf3 Re8 13. Ng5 Rf8 14. Nf3 Re8
1/2-1/2

[Event "Otwarte Mistrzostwa WKSz GANT HETMAN"]
[Site "WKSz GANT HETMAN, ul. Sw. Anto"]
[Date "2011.07.19"]
[Round "9.3"]
[White "Jagiela, Piotr"]
[Black "Somyk, Marcin"]
[Result "0-1"]
[WhiteElo "1808"]
[BlackElo "1931"]
[PlyCount "72"]
[EventDate "2011.??.??"]

1. d4 d6 2. g3 Nf6 3. Bg2 Nbd7 4. e4 e5 5. c3 c6 6. Ne2 Be7 7. O-O Qc7 8. h3
O-O 9. f4 Re8 10. Kh2 Bf8 11. Qc2 a5 12. a4 b5 13. Re1 b4 14. cxb4 axb4 15. Nd2
Ba6 16. Nc4 exd4 17. Nxd4 Nc5 18. e5 d5 19. Ne3 Bd3 20. Qd1 Nfe4 21. Bf1 Bxf1
22. Rxf1 Reb8 23. Bd2 Ne6 24. Nb3 Rd8 25. Qc2 c5 26. Be1 c4 27. Nd2 Nd4 28. Qd1
Nxd2 29. Bxd2 Nb3 30. Ra2 d4 31. Nf5 Nxd2 32. Qxd2 b3 33. Raa1 c3 34. Rac1 Rxa4
35. Qd1 Ra2 36. Qd3 Rxb2+ 0-1

[Event "Otwarte Mistrzostwa WKSz GANT HETMAN"]
[Site "WKSz GANT HETMAN, ul. Sw. Anto"]
[Date "2011.07.19"]
[Round "9.4"]
[White "Zombirt, Filip"]
[Black "Kozak, Pawel"]
[Result "1-0"]
[WhiteElo "1864"]
[BlackElo "2019"]
[PlyCount "65"]
[EventDate "2011.??.??"]

1. d4 d5 2. Nf3 Nf6 3. c4 e6 4. g3 c6 5. Bg2 Nbd7 6. O-O Bd6 7. b3 O-O 8. Bb2
Ne4 9. Nbd2 f5 10. Ne5 Bxe5 11. dxe5 Qc7 12. Nf3 Qb6 13. Rc1 a5 14. cxd5 cxd5
15. Bd4 Qb4 16. h4 a4 17. Ng5 Nxg5 18. hxg5 b6 19. Rc7 axb3 20. axb3 Ra3 21. e3
Rxb3 22. Bxd5 exd5 23. e6 Qd6 24. Rxc8 Rxc8 25. exd7 Rcc3 26. Bxc3 Rxc3 27. Qa4
Kf7 28. Qh4 Qxd7 29. Qxh7 Qe6 30. Ra1 Rc7 31. Ra8 Re7 32. Qh5+ Qg6 33. Rf8+ 1-0

[Event "Otwarte Mistrzostwa WKSz GANT HETMAN"]
[Site "WKSz GANT HETMAN, ul. Sw. Anto"]
[Date "2011.07.19"]
[Round "9.5"]
[White "Labuda, Michal"]
[Black "Jankowski, Aleksander"]
[Result "1/2-1/2"]
[WhiteElo "1904"]
[BlackElo "1693"]
[PlyCount "29"]
[EventDate "2011.??.??"]

1. e4 e6 2. d4 d5 3. Nd2 Nf6 4. e5 Nfd7 5. Ngf3 c5 6. c3 Nc6 7. Bd3 cxd4 8.
cxd4 Be7 9. O-O a6 10. Re1 O-O 11. Nf1 f6 12. Qc2 h6 13. Bh7+ Kh8 14. Bxh6 f5
15. Bxf5 1/2-1/2